Lust For Life - Album (Lana Del Rey) - Statistics

General Stats
  • This quiz has been taken 57 times
  • The average score is 13 of 16
Answer Stats
# Title % Correct
2. (with The Weeknd) Lust For Life
100%
6. (feat. A$AP Rocky & Playboi Carti) Summer Bummer
97%
1. Love
91%
4. Cherry
89%
12. (feat. Stevie Nicks) Beautiful People Beautiful Problems
86%
11. When The World Was At War We Kept Dancing
86%
16. Get Free
83%
14. Heroin
83%
13. (feat. Sean Ono Lennon) Tomorrow Never Came
83%
5. White Mustang
83%
3. 13 Beaches
80%
15. Change
80%
7. (feat. A$AP Rocky) Groupie Love
80%
9. Coachella - Woodstock In My Mind
71%
10. God Bless America - And All the Beautiful Women In It
71%
8. In My Feelings
63%
No matching quizzes found
Score Distribution
Percent of People with Each Score
Percentile by Number Answered
Your Score History
You have not taken this quiz